Os ovos misteriosos (Record no. 15076)
[ view plain ]
| 000 -Etiqueta do registo | |
|---|---|
| Valores | 00629nam a2200217 4500 |
| 010 ## - Número ISBN | |
| ISBN | 9723603381 |
| 021 ## - Número do Depósito Legal | |
| Número | 80430/94 |
| 100 ## - Dados gerais de processamento | |
| Dados gerais | 20230106 pory50 |
| 200 1# - Titulo e menção de responsabilidade | |
| Título próprio | Os ovos misteriosos |
| Primeira menção de responsabilidade | Luísa Ducla Soares, Manuela Bacelar |
| 210 #9 - Publicação | |
| Local de publicação | Porto |
| Nome do editor | Afrontamento, |
| Data de publicação | D.L. 1994 |
| 215 ## - Descrição física | |
| Paginação / Volumes | [32] p. |
| Outras indicações físicas | muito il. |
| Dimensões | 26 cm |
| 225 2# - Colecção | |
| Título próprio da colecção | O triciclo voador) |
| 675 ## - CDU | |
| Notação | 087.5 |
| Edição | BN |
| Língua | por |
| 675 ## - CDU | |
| Notação | 821.134.3-93"19/20" |
| Edição | BN |
| Língua | por |
| 675 ## - CDU | |
| Notação | 821.134.3-34"19/20" |
| Edição | BN |
| Língua | por |
| 700 #1 - Autor principal (pessoa individual) | |
| Apelido | Soares, |
| Nome | Luísa Ducla, |
| Datas | 1939- |
| 701 #1 - Co-autor principal (pessoa individual) | |
| Apelido | Bacelar, |
| Nome | Manuela, |
| Datas | 1943- |
| 801 #0 - Fonte de origem | |
| País | PT |
| Agência | BN |
| Regras de catalogação | RPC |
| 990 ## - Elementos KOHA | |
| Tipo de documento | Livro |
| Situação do levantamento | Estado | Biblioteca de origem | Código de barras | Cota | Permissão de empréstimo | Tipo de documento | Forma de aquisição |
|---|---|---|---|---|---|---|---|
| Biblioteca Municipal do Alandroal | C17422/21 | 087,5 SOA | Livro | Compra |